[Event "Tromsoe NGP op"]
[Site "Tromsoe"]
[Date "2013.11.22"]
[Round "4"]
[White "Hegelund, Ole Jakob"]
[Black "Jakobsen, Oivind"]
[Result "1-0"]
[WhiteElo "1772"]
[BlackElo "1705"]
[PlyCount "61"]
[EventDate "2013.11.22"]
[EventType "swiss"]
[EventRounds "5"]
[EventCountry "NOR"]
[SourceTitle "CBM 157 Extra"]
[Source "ChessBase"]
[SourceDate "2013.12.19"]
[SourceVersion "1"]
[SourceVersionDate "2013.12.19"]
[SourceQuality "1"]

1. e4 e5 2. f4 Bc5 3. Nf3 d6 4. c3 Nf6 5. d4 Bb6 6. Bd3 Nbd7 7. 0-0 0-0 8. Kh1 h6 9. Nbd2 Ng4 10. Nc4 Re8 11. Nxb6 axb6 12. Qe1 c5 13. Qg3 Nf8 14. h3 Nf6 15. fxe5 Nh5 16. Qf2 dxe5 17. Bc4 exd4 18. Bxf7+ Kxf7 19. Ng5+ Kg8 20. Qf7+ Kh8 21. Qxh5 Be6 22. Nxe6 Rxe6 23. Rf7 Nh7 24. Bd2 Nf6 25. Qg6 Qg8 26. Bxh6 gxh6 27. Qxh6+ Nh7 28. Qxe6 Qg5 29. Qd7 Nf6 30. Qe7 Rg8 31. Qxf6+ 1-0

[Event "Tromsoe NGP op"]
[Site "Tromsoe"]
[Date "2013.11.22"]
[Round "1"]
[White "Jakobsen, Oivind"]
[Black "Machlik, Monika"]
[Result "0-1"]
[WhiteElo "1705"]
[BlackElo "1936"]
[PlyCount "48"]
[EventDate "2013.11.22"]
[EventType "swiss"]
[EventRounds "5"]
[EventCountry "NOR"]
[SourceTitle "CBM 157 Extra"]
[Source "ChessBase"]
[SourceDate "2013.12.19"]
[SourceVersion "1"]
[SourceVersionDate "2013.12.19"]
[SourceQuality "1"]

1. d4 d5 2. Nf3 Nf6 3. g3 c6 4. Bg2 Bf5 5. Nbd2 h6 6. c4 e6 7. 0-0 Be7 8. Qb3 Qc8 9. Re1 0-0 10. Nh4 Bh7 11. c5 e5 12. dxe5 Nfd7 13. Bh3 Qc7 14. e6 fxe6 15. Bxe6+ Kh8 16. Bg4 Na6 17. e4 Naxc5 18. Qe3 dxe4 19. Be2 Ne5 20. f4 Ncd3 21. Bxd3 Nxd3 22. Nxe4 Nxe1 23. Qxe1 Bxh4 24. gxh4 Rae8 0-1

[Event "NOR-ch Class3"]
[Site "Lillehammer"]
[Date "2013.06.29"]
[Round "2"]
[White "Jakobsen, Oivind"]
[Black "Morkedal, Oyvind"]
[Result "1/2-1/2"]
[WhiteElo "1368"]
[BlackElo "1346"]
[PlyCount "98"]
[EventDate "2013.06.29"]
[EventType "swiss"]
[EventRounds "9"]
[EventCountry "NOR"]
[SourceTitle "EXT 2017"]
[Source "ChessBase"]
[SourceDate "2016.10.25"]
[SourceVersion "1"]
[SourceVersionDate "2016.10.25"]
[SourceQuality "1"]

1. d4 d5 2. Nc3 Nf6 3. Bf4 e6 4. Qd3 Bd6 5. Bg3 a6 6. f3 Nc6 7. a3 Nh5 8. 0-0-0 Qg5+ 9. e3 Nxg3 10. hxg3 h6 11. Nge2 b5 12. f4 Qe7 13. e4 dxe4 14. Nxe4 0-0 15. Ng5 f5 16. Nf3 Na5 17. Nc3 Bb7 18. d5 Rad8 19. Nh4 Qf7 20. Be2 exd5 21. Bf3 c6 22. Ne2 c5 23. Kb1 d4 24. Bxb7 Nxb7 25. Qd2 Bc7 26. Nc1 Na5 27. Qf2 Nc4 28. Nd3 Ne3 29. Rd2 Bb6 30. Nf3 Ng4 31. Qf1 Rfe8 32. Nfe5 Ne3 33. Qf3 Qe6 34. Re2 Ng4 35. Rhe1 Nxe5 36. Rxe5 Qf7 37. Rxe8+ Rxe8 38. Rxe8+ Qxe8 39. Qd5+ Kh8 40. Qxf5 c4 41. Ne5 Bc7 42. Ng6+ Kg8 43. Qd5+ Kh7 44. Ne5 Qd8 45. Nd7 Qe7 46. Ne5 Qd6 47. Qe4+ Kg8 48. Qa8+ Kh7 49. Qe4+ Kg8 1/2-1/2

[Event "Nord Norsk-ch"]
[Site "Tromsoe"]
[Date "2008.05.09"]
[Round "6"]
[White "Prohl, Frank"]
[Black "Jakobsen, Oivind"]
[Result "1/2-1/2"]
[WhiteElo "1274"]
[BlackElo "1257"]
[PlyCount "88"]
[EventDate "2008.05.09"]
[EventType "swiss"]
[EventRounds "6"]
[EventCountry "NOR"]
[SourceTitle "EXT 2010"]
[Source "ChessBase"]
[SourceDate "2010.11.25"]
[SourceVersion "1"]
[SourceVersionDate "2010.11.25"]
[SourceQuality "1"]

1. d4 Nf6 2. Bg5 c6 3. Bxf6 gxf6 4. e3 d5 5. Nf3 Rg8 6. g3 h5 7. Bg2 Qd6 8. Qd3 e5 9. dxe5 fxe5 10. Qh7 Rg7 11. Qxh5 Qb4+ 12. Nbd2 Qxb2 13. Qxe5+ Qxe5 14. Nxe5 Bb4 15. Nef3 Bg4 16. Rd1 Nd7 17. h3 Bxf3 18. Bxf3 Nc5 19. 0-0 Bc3 20. Nb1 Ba5 21. Rd4 Ke7 22. c3 f5 23. Re1 Rh8 24. h4 Ne6 25. Ra4 Bb6 26. Kf1 Nc5 27. Rd4 Nd7 28. Rf4 Ke6 29. g4 fxg4 30. Bxg4+ Kd6 31. Bh3 Ne5 32. Rd1 Rhg8 33. Ke2 Rg1 34. Rf6+ Kc5 35. Rxg1 Rxg1 36. Nd2 Bd8 37. Rf4 Rh1 38. Nb3+ Kb6 39. Rb4+ Kc7 40. Bf5 Bxh4 41. Nc5 b6 42. Ne6+ Kd6 43. Nf4 Rh2 44. Nh3 Nc4 1/2-1/2

[Event "Alta CC-ch"]
[Site "Alta"]
[Date "2008.01.15"]
[Round "1"]
[White "Mikalsen, Erlend"]
[Black "Jakobsen, Oivind"]
[Result "1-0"]
[WhiteElo "1496"]
[BlackElo "1257"]
[PlyCount "41"]
[EventDate "2008.01.15"]
[EventType "swiss"]
[EventRounds "10"]
[EventCountry "NOR"]
[SourceTitle "EXT 2024"]
[Source "ChessBase"]
[SourceDate "2023.10.10"]
[SourceVersion "1"]
[SourceVersionDate "2023.10.10"]
[SourceQuality "1"]

1. e4 c5 2. Nc3 Nc6 3. f4 d6 4. Nf3 Nf6 5. g3 Bg4 6. Bg2 d5 7. e5 Ne4 8. d3 Nd4 9. dxe4 dxe4 10. Nxe4 Qd5 11. Neg5 Qc4 12. c3 Nf5 13. Qe2 Qa4 14. 0-0 h6 15. Ne4 e6 16. h3 Bxf3 17. Qxf3 Rd8 18. Be3 Be7 19. Nxc5 Bxc5 20. Bxc5 b6 21. Qc6+ 1-0

[Event "Tromsoesjakken op"]
[Site "Tromsoe"]
[Date "2007.11.16"]
[Round "4"]
[White "Asvang, Jon Fredrik"]
[Black "Jakobsen, Oivind"]
[Result "1-0"]
[WhiteElo "1525"]
[BlackElo "1246"]
[PlyCount "79"]
[EventDate "2007.11.16"]
[EventType "swiss"]
[EventRounds "5"]
[EventCountry "NOR"]
[SourceTitle "EXT 2010"]
[Source "ChessBase"]
[SourceDate "2010.11.25"]
[SourceVersion "1"]
[SourceVersionDate "2010.11.25"]
[SourceQuality "1"]

1. e4 e6 2. d3 c5 3. Nd2 Be7 4. Ngf3 Nc6 5. g3 Rb8 6. Bg2 Nf6 7. 0-0 d6 8. Re1 Nd7 9. c3 0-0 10. h4 e5 11. Nf1 Nf6 12. Bg5 Qb6 13. Qd2 Be6 14. Bxf6 Bxf6 15. Ng5 Rbe8 16. Nxe6 fxe6 17. Ne3 Qc7 18. Qe2 Nd8 19. Qg4 Re7 20. f4 Qb6 21. Re2 Nf7 22. f5 Nd8 23. fxe6 Rxe6 24. Nd5 Qc6 25. Rf1 Kh8 26. Ref2 Rf7 27. Bh3 Re8 28. Qh5 Rg8 29. Kh2 Qe8 30. Nxf6 Rxf6 31. Qxe8 Rxe8 32. Rxf6 gxf6 33. Rxf6 Kg7 34. Rxd6 Rf8 35. Rd7+ Kh6 36. Bf5 Rh8 37. Kh3 a6 38. g4 b5 39. g5+ Kh5 40. Rd6 1-0

[Event "Kalotturneringen"]
[Site "Hammerfest"]
[Date "2007.10.06"]
[Round "5"]
[White "Johnsen, Kjell Magne"]
[Black "Jakobsen, Oivind"]
[Result "1-0"]
[WhiteElo "1922"]
[BlackElo "1200"]
[PlyCount "75"]
[EventDate "2007.10.05"]
[EventType "swiss"]
[EventRounds "7"]
[EventCountry "NOR"]
[SourceTitle "EXT 2010"]
[Source "ChessBase"]
[SourceDate "2010.11.25"]
[SourceVersion "1"]
[SourceVersionDate "2010.11.25"]
[SourceQuality "1"]

1. d4 Nf6 2. c4 c5 3. d5 b5 4. cxb5 a6 5. f3 Qa5+ 6. Bd2 Qxb5 7. Nc3 Qb7 8. e4 d6 9. Bc4 g6 10. Nge2 Bg7 11. Qc2 0-0 12. 0-0 Nbd7 13. Ng3 Nb6 14. Be2 e6 15. dxe6 Bxe6 16. Rab1 Rac8 17. Kh1 Rfd8 18. Na4 Nfd7 19. Nxb6 Nxb6 20. Bc3 Rc6 21. Bxg7 Kxg7 22. f4 d5 23. f5 Bc8 24. e5 gxf5 25. Nxf5+ Bxf5 26. Qxf5 Qe7 27. Bh5 f6 28. exf6+ Rxf6 29. Qg5+ Kh8 30. Qxf6+ Qxf6 31. Rxf6 Nc4 32. Rxa6 Kg7 33. b3 Nd2 34. Re1 Ne4 35. Bf3 Nc3 36. Rc6 Nxa2 37. Rxc5 Nb4 38. Rd1 1-0

[Event "Tromsoesjakken-B"]
[Site "Tromsoe"]
[Date "2006.11.17"]
[Round "5"]
[White "Esbensen, Hans Fredrik"]
[Black "Jakobsen, Oivind"]
[Result "1-0"]
[WhiteElo "1445"]
[BlackElo "1086"]
[PlyCount "49"]
[EventDate "2006.11.17"]
[EventType "swiss"]
[EventRounds "5"]
[EventCountry "NOR"]
[SourceTitle "EXT 2008"]
[Source "ChessBase"]
[SourceDate "2007.11.25"]
[SourceVersion "1"]
[SourceVersionDate "2007.11.25"]
[SourceQuality "1"]

1. Nf3 d5 2. d4 Nf6 3. e3 a6 4. c4 e6 5. Nc3 Be7 6. Bd3 dxc4 7. Bxc4 0-0 8. a4 Nc6 9. 0-0 Re8 10. e4 Bb4 11. e5 Nd5 12. Ne4 Be7 13. Nfg5 f5 14. Qh5 h6 15. Nf7 Qd7 16. Nxh6+ gxh6 17. Qg6+ Kh8 18. Qxh6+ Kg8 19. Qg6+ Kh8 20. Bh6 Bd8 21. Nf6 Nxf6 22. exf6 Bxf6 23. Qxf6+ Kh7 24. Qh4 Qe7 25. Bg5+ 1-0

[Event "Tromsoesjakken-B"]
[Site "Tromsoe"]
[Date "2006.11.17"]
[Round "1"]
[White "Jakobsen, Oivind"]
[Black "Erlandsen, Hege"]
[Result "1-0"]
[WhiteElo "1086"]
[BlackElo "1033"]
[PlyCount "43"]
[EventDate "2006.11.17"]
[EventType "swiss"]
[EventRounds "5"]
[EventCountry "NOR"]
[SourceTitle "EXT 2008"]
[Source "ChessBase"]
[SourceDate "2007.11.25"]
[SourceVersion "1"]
[SourceVersionDate "2007.11.25"]
[SourceQuality "1"]

1. e4 e5 2. Nf3 Nc6 3. d4 exd4 4. Nxd4 Bc5 5. c3 d5 6. Bb5 Nge7 7. Bg5 Bd7 8. Bxc6 Bxc6 9. e5 Qd7 10. 0-0 0-0-0 11. a4 Bxd4 12. cxd4 h6 13. Bxe7 Qxe7 14. Qd2 f6 15. Re1 fxe5 16. Rxe5 Qd6 17. Nc3 Rhe8 18. f4 Rxe5 19. fxe5 Qb4 20. Ne4 Qc4 21. Nc5 b6 22. b3 1-0

[Event "Harstad op-B"]
[Site "Harstad"]
[Date "2006.10.15"]
[Round "4"]
[White "Fredriksen, Jonny"]
[Black "Jakobsen, Oivind"]
[Result "1-0"]
[WhiteElo "1385"]
[BlackElo "1178"]
[PlyCount "77"]
[EventDate "2006.10.13"]
[EventType "swiss"]
[EventRounds "5"]
[EventCountry "NOR"]
[SourceTitle "EXT 2008"]
[Source "ChessBase"]
[SourceDate "2007.11.25"]
[SourceVersion "1"]
[SourceVersionDate "2007.11.25"]
[SourceQuality "1"]

1. d4 d5 2. Nf3 Nf6 3. c4 e6 4. Nc3 c6 5. e3 Nbd7 6. Bd3 dxc4 7. Bxc4 Bb4 8. Qb3 Be7 9. Bd2 Qb6 10. Qc2 h6 11. Na4 Qd8 12. Bb3 Nh7 13. a3 Ng5 14. 0-0-0 Nf6 15. Nxg5 hxg5 16. f3 Qc7 17. g3 Bd7 18. e4 g4 19. Bf4 Qa5 20. e5 Nd5 21. Bd2 Qd8 22. fxg4 Bg5 23. h4 Bxd2+ 24. Qxd2 b6 25. Kb1 Bc8 26. Nc3 Ba6 27. Ne4 0-0 28. h5 Qd7 29. h6 g6 30. Bxd5 f5 31. gxf5 exd5 32. e6 Qe8 33. Nd6 Qe7 34. Qf4 gxf5 35. Nxf5 Qh7 36. Rh5 Be2 37. Qg5+ Kh8 38. Qg7+ Qxg7 39. hxg7+ 1-0

[Event "Harstad op-B"]
[Site "Harstad"]
[Date "2006.10.14"]
[Round "2"]
[White "Jakobsen, Oivind"]
[Black "Mikalsen, Erlend"]
[Result "1-0"]
[WhiteElo "1178"]
[BlackElo "1346"]
[PlyCount "91"]
[EventDate "2006.10.13"]
[EventType "swiss"]
[EventRounds "5"]
[EventCountry "NOR"]
[SourceTitle "EXT 2008"]
[Source "ChessBase"]
[SourceDate "2007.11.25"]
[SourceVersion "1"]
[SourceVersionDate "2007.11.25"]
[SourceQuality "1"]

1. e4 c5 2. Nf3 d6 3. Bc4 Nf6 4. e5 dxe5 5. Nxe5 e6 6. c3 Bd6 7. f4 Nd5 8. 0-0 0-0 9. Bxd5 exd5 10. d4 cxd4 11. cxd4 Nc6 12. Nc3 f6 13. Nf3 Be6 14. Ne2 Rc8 15. Bd2 Qb6 16. Bc3 Bb4 17. Rb1 Na5 18. Nd2 Bf5 19. Rc1 Bd3 20. Rf3 Bxc3 21. bxc3 Bxe2 22. Qxe2 Qb2 23. Qd1 b6 24. Qc2 Qxc2 25. Rxc2 Rfe8 26. Kf1 Re7 27. Nb3 Nc4 28. Re2 Rxe2 29. Kxe2 Re8+ 30. Kd3 Re1 31. Rf2 Re3+ 32. Kc2 Nd6 33. Nd2 Kf7 34. Kb3 Ne4 35. Nxe4 dxe4 36. f5 Re1 37. Kc4 e3 38. Rf3 Re2 39. a4 Rxg2 40. Rxe3 Rf2 41. d5 Rf4+ 42. Kb5 Rxf5 43. Kc6 Re5 44. Rxe5 fxe5 45. d6 Ke8 46. Kc7 1-0